[Event "SEMI B022 email"]
[Site "SEMI email"]
[Date "2001.09.20"]
[Round "?"]
[White "Manzelli, Mirko"]
[Black "Cipressi, Nicola"]
[Result "0-1"]
[WhiteElo "1000"]
[BlackElo "1600"]
[PlyCount "27"]
[EventDate "2001.09.20"]
[EventType "tourn (corr)"]
[EventRounds "4"]
[EventCountry "ITA"]
[SourceTitle "Corr 2004"]
[Source "ChessBase"]
[SourceDate "2003.04.28"]
[SourceVersion "3"]
[SourceVersionDate "2003.04.28"]
[SourceQuality "1"]

1. e4 e5 2. Nf3 Nf6 3. Nxe5 d6 4. Nxf7 Kxf7 5. Bc4+ d5 6. e5 dxc4 7. exf6 Qxf6 8. d4 cxd3 9. cxd3 Bb4+ 10. Nd2 Re8+ 11. Kf1 Bf5 12. Qb3+ Qe6 13. a3 Qxb3 14. Nxb3 0-1